Most Popular Languages studied on Duolingo - Statistics

General Stats
  • This quiz has been taken 103 times
  • The average score is 7 of 8
Answer Stats
# of countries Language % Correct
34 Spanish
100%
122 English
99%
22 French
99%
8 German
90%
1 Chinese
88%
5 Japanese
87%
1 Italian
78%
1 Korean
63%
No matching quizzes found
Score Distribution
Percent of People with Each Score
Percentile by Number Answered
Your Score History
You have not taken this quiz